BIBLIOTECA

SENCICO

Teoría del color y su aplicación en espacios interiores / (Registro nro. 4543)

Detalles MARC
000 -LEADER
fixed length control field 01319nam a22003017a 4500
003 - CONTROL NUMBER IDENTIFIER
control field PE SENCICO BE
005 - DATE AND TIME OF LATEST TRANSACTION
control field 20251020182651.0
008 - FIXED-LENGTH DATA ELEMENTS--GENERAL INFORMATION
fixed length control field 240202b |||||||| |||| 00| 0 eng d
040 ## - CATALOGING SOURCE
Original cataloging agency PE SENCICO BE
Transcribing agency PE SENCICO BE
041 ## - LANGUAGE CODE
Language code of text/sound track or separate title spa
084 ## - OTHER CLASSIFICATION NUMBER
Classification number I
-- DIS
-- 2015
Item number C74
100 1# - MAIN ENTRY--PERSONAL NAME
9 (RLIN) 1927
Personal name Conislla Lévano, Nancy Lucero
Relator term autor
245 1# - TITLE STATEMENT
Title Teoría del color y su aplicación en espacios interiores /
Statement of responsibility, etc. Nancy Lucero Conislla Lévano
246 ## - VARYING FORM OF TITLE
Title proper/short title Desarrollo de un hotel en su interior
260 ## - PUBLICATION, DISTRIBUTION, ETC.
Place of publication, distribution, etc. Lima :
Date of publication, distribution, etc. 2015
300 ## - PHYSICAL DESCRIPTION
Extent 2 v. :
Other physical details il. col. ;
Dimensions 30 cm.
500 ## - GENERAL NOTE
General note Texto en dos volúmenes. El volumen 2 contiene planos (40 x 60 cm.).
500 ## - GENERAL NOTE
General note <br/>
502 ## - DISSERTATION NOTE
Dissertation note Monografía de Titulación.-- Servicio Nacional de Capacitación para la Industria de la Construcción. Escuela Superior Técnica. Carrera Profesional Técnica en Diseño de Interiores, 2015
505 ## - FORMATTED CONTENTS NOTE
Formatted contents note v. 1. Teoría del color y su aplicación en espacios interiores -- v. 2. Desarrollo de un hotel en su interior
650 10 - SUBJECT ADDED ENTRY--TOPICAL TERM
9 (RLIN) 44
Topical term or geographic name entry element Diseño de interiores
650 20 - SUBJECT ADDED ENTRY--TOPICAL TERM
9 (RLIN) 1793
Topical term or geographic name entry element Color en el diseño
650 20 - SUBJECT ADDED ENTRY--TOPICAL TERM
9 (RLIN) 9
Topical term or geographic name entry element Espacios interiores
650 20 - SUBJECT ADDED ENTRY--TOPICAL TERM
9 (RLIN) 615
Topical term or geographic name entry element Planos
710 1# - ADDED ENTRY--CORPORATE NAME
Corporate name or jurisdiction name as entry element Servicio Nacional de Capacitación para la Industria de la Construcción.
Subordinate unit Escuela Superior Técnica
9 (RLIN) 1065
910 ## - USER-OPTION DATA (OCLC)
-- hfp
-- hfp
942 ## - ADDED ENTRY ELEMENTS (KOHA)
Koha item type Monografía de Titulación
Source of classification or shelving scheme Dewey Decimal Classification
Existencias
Fecha de la última vez que lo usaron Número de ingreso o de inventario Pago total Signatura topográfica completa Código de barras Precio efectivo desde Tipo de documento Estado perdido Estado dañado No es para préstamo Retirado Ubicación permanente Ubicación actual Fecha de adquisición
02/02/2024 I-00367   I/DIS/2015/C74/v. 1 BibLima24020003 02/02/2024 Monografía de Titulación         Biblioteca Central Lima Biblioteca Central Lima 02/02/2024
12/02/2024 I-00421   I/DIS/2015/C74/v. 2 BibLima24020057 12/02/2024 Monografía de Titulación         Biblioteca Central Lima Biblioteca Central Lima 12/02/2024